[Event "35th Capablanca Memorial"]
[Site "Varadero CUB"]
[Date "2000.05.19"]
[Round "10"]
[White "Kobalia, Mikhail"]
[Black "Oral, Tomas"]
[Result "1/2-1/2"]
[WhiteElo "2593"]
[BlackElo "2540"]
[EventDate "2000.05.07"]
[PlyCount "67"]

1.e4 c5 2.Nf3 Nc6 3.d4 cxd4 4.Nxd4 Qc7 5.Nc3 e6 6.Be3 a6 7.Qd2 Nf6 8.O-O-O
b5 9.Nxc6 Qxc6 10.f3 Bb7 11.Kb1 Rc8 12.Bd4 Bc5 13.g4 Bxd4 14.Qxd4 Qc5 15.
Qd2 b4 16.Na4 Qc6 17.b3 O-O 18.g5 Nh5 19.Bc4 a5 20.Qd6 Rc7 21.Nb6 Qxd6 22.
Rxd6 Bc6 23.Rhd1 Rd8 24.Bf1 Kf8 25.Nc4 Ra8 26.Ne5 Ke7 27.a3 Nf4 28.R6d4 
Rb8 29.Rc4 f6 30.gxf6+ gxf6 31.Nxc6+ Rxc6 32.Kb2 Rxc4 33.Bxc4 h5 34.Rg1 
1/2-1/2

[Event "35th Capablanca Memorial"]
[Site "Varadero CUB"]
[Date "2000.05.19"]
[Round "10"]
[White "Nogueiras Santiago, Jesus"]
[Black "Conquest, Stuart"]
[Result "1/2-1/2"]
[WhiteElo "2563"]
[BlackElo "2563"]
[EventDate "2000.05.07"]
[PlyCount "43"]

1.Nf3 g6 2.d4 Bg7 3.e4 d6 4.c3 Nd7 5.Bd3 e5 6.O-O Ne7 7.Na3 O-O 8.dxe5 
Nxe5 9.Nxe5 dxe5 10.Be3 c6 11.Bc4 b5 12.Bb3 a5 13.Qxd8 Rxd8 14.Rfd1 Re8 
15.Nb1 a4 16.Bc2 Bg4 17.f3 Be6 18.Na3 Bf8 19.Bd3 f6 20.Nc2 Kf7 21.Nb4 Rec8
22.Bc5 1/2-1/2

[Event "35th Capablanca Memorial"]
[Site "Varadero CUB"]
[Date "2000.05.19"]
[Round "10"]
[White "Stefansson, Hannes Hlifar"]
[Black "Volzhin, Alexander"]
[Result "1/2-1/2"]
[WhiteElo "2566"]
[BlackElo "2548"]
[EventDate "2000.05.07"]
[PlyCount "121"]

1.e4 c6 2.d4 d5 3.Nd2 dxe4 4.Nxe4 Bf5 5.Ng3 Bg6 6.h4 h6 7.Nf3 Nd7 8.h5 Bh7
9.Bd3 Bxd3 10.Qxd3 e6 11.Bf4 Qa5+ 12.Bd2 Qc7 13.O-O-O Ngf6 14.Ne4 O-O-O 
15.g3 Nxe4 16.Qxe4 Bd6 17.c4 c5 18.Bc3 Nf6 19.Qe2 cxd4 20.Nxd4 a6 21.Rd2 
Qc5 22.f4 Kb8 23.Kc2 Rhe8 24.b4 Qc8 25.Rhd1 Bc7 26.a4 Ka8 27.Nb3 Rxd2+ 28.
Rxd2 e5 29.fxe5 Bxe5 30.Bxe5 Ng4 31.Rd5 f6 32.Rc5 Qf5+ 33.Qd3 Qxd3+ 34.
Kxd3 Nxe5+ 35.Kc3 Kb8 36.a5 Nc6 37.Nd4 Nxd4 38.Kxd4 Re1 39.Rd5 Rg1 40.Kc5 
Kc7 41.Rd3 Rh1 42.g4 f5 43.gxf5 Rxh5 44.Rd5 Rh1 45.Re5 Rd1 46.b5 Rd7 47.
Re8 axb5 48.cxb5 Rf7 49.b6+ Kd7 50.Re5 Rf8 51.Rd5+ Kc8 52.Kb5 h5 53.a6 Kb8
54.axb7 h4 55.Rd3 Rh8 56.Ra3 Kxb7 57.Ra7+ Kb8 58.Ka6 h3 59.Rb7+ Ka8 60.
Ra7+ Kb8 61.Rb7+ 1/2-1/2

[Event "35th Capablanca Memorial"]
[Site "Varadero CUB"]
[Date "2000.05.20"]
[Round "11"]
[White "Arencibia Rodriguez, Walter"]
[Black "Kobalia, Mikhail"]
[Result "1-0"]
[WhiteElo "2529"]
[BlackElo "2593"]
[EventDate "2000.05.07"]
[PlyCount "87"]

1.b3 e5 2.Bb2 Nc6 3.e3 d6 4.Nf3 Nf6 5.d3 Be7 6.Be2 O-O 7.O-O Re8 8.c4 e4 
9.Ng5 exd3 10.Qxd3 Ne5 11.Qc2 c6 12.Nc3 h6 13.Nf3 Bg4 14.Nd4 Bf8 15.Rad1 
Qc7 16.Bxg4 Nexg4 17.h3 Ne5 18.Rd2 Rad8 19.Nf5 a6 20.Rfd1 Qb8 21.Ba3 c5 
22.Nd5 Nxd5 23.Rxd5 b5 24.cxb5 axb5 25.Qd2 Rc8 26.Nxd6 Bxd6 27.Rxd6 c4 28.
Rd4 Qa8 29.Bd6 Nd3 30.bxc4 bxc4 31.a3 Re6 32.Qc3 Rg6 33.Bg3 Qa6 34.Rb1 Qc6
35.a4 Kh7 36.a5 Rg5 37.Rb6 Qc5 38.Rb7 Qxa5 39.Rxd3 cxd3 40.Qxc8 Rc5 41.Qd7
d2 42.Kh2 Rc1 43.Qd3+ f5 44.Qd7 1-0

[Event "35th Capablanca Memorial"]
[Site "Varadero CUB"]
[Date "2000.05.20"]
[Round "11"]
[White "Conquest, Stuart"]
[Black "Stefansson, Hannes Hlifar"]
[Result "1-0"]
[WhiteElo "2563"]
[BlackElo "2566"]
[EventDate "2000.05.07"]
[PlyCount "61"]

1.d4 Nf6 2.c4 e6 3.Nc3 Bb4 4.e3 O-O 5.Ne2 d5 6.a3 Be7 7.cxd5 Nxd5 8.Qc2 
Nd7 9.e4 Nxc3 10.Nxc3 c5 11.d5 Bf6 12.dxe6 fxe6 13.f4 e5 14.f5 Kh8 15.Be3 
Bg5 16.Bf2 b6 17.Rd1 a6 18.Bc4 Qe8 19.O-O Bb7 20.Rd6 Be7 21.Re6 Rf6 22.Bd5
Rb8 23.Bg3 b5 24.Bxb7 Rxb7 25.Nd5 Rxe6 26.fxe6 Nf8 27.Qf2 Ng6 28.Bxe5 Nxe5
29.Nxe7 Ng6 30.Nxg6+ hxg6 31.Qf7 1-0

[Event "35th Capablanca Memorial"]
[Site "Varadero CUB"]
[Date "2000.05.20"]
[Round "11"]
[White "Volzhin, Alexander"]
[Black "Slobodjan, Roman"]
[Result "1/2-1/2"]
[WhiteElo "2548"]
[BlackElo "2561"]
[EventDate "2000.05.07"]
[PlyCount "25"]

1.d4 Nf6 2.c4 c6 3.Nc3 d5 4.cxd5 cxd5 5.Nf3 Nc6 6.Bf4 a6 7.e3 Bg4 8.Be2 e6
9.O-O Bd6 10.Bxd6 Qxd6 11.h3 Bxf3 12.Bxf3 O-O 13.Rc1 1/2-1/2

[Event "35th Capablanca Memorial"]
[Site "Varadero CUB"]
[Date "2000.05.21"]
[Round "12"]
[White "Dominguez Perez, Leinier"]
[Black "Volzhin, Alexander"]
[Result "0-1"]
[WhiteElo "2508"]
[BlackElo "2548"]
[EventDate "2000.05.07"]
[PlyCount "62"]

1.e4 c6 2.d4 d5 3.Nd2 dxe4 4.Nxe4 Bf5 5.Ng3 Bg6 6.h4 h6 7.Nf3 Nd7 8.h5 Bh7
9.Bd3 Bxd3 10.Qxd3 e6 11.Bf4 Qa5+ 12.Bd2 Qc7 13.O-O-O Ngf6 14.Ne4 O-O-O 
15.g3 Nxe4 16.Qxe4 Bd6 17.c4 c5 18.Bc3 cxd4 19.Bxd4 Nf6 20.Qe2 Qa5 21.Kb1 
Qf5+ 22.Ka1 Bb8 23.c5 Qe4 24.Be3 Rxd1+ 25.Rxd1 Rd8 26.Rc1 Qd3 27.Qe1 Bc7 
28.Nd2 Ba5 29.c6 Bxd2 30.cxb7+ Kxb7 31.Qh1+ Qd5 0-1

[Event "35th Capablanca Memorial"]
[Site "Varadero CUB"]
[Date "2000.05.21"]
[Round "12"]
[White "Kobalia, Mikhail"]
[Black "Acs, Peter"]
[Result "1/2-1/2"]
[WhiteElo "2593"]
[BlackElo "2542"]
[EventDate "2000.05.07"]
[PlyCount "158"]

1.c4 Nf6 2.Nc3 e5 3.g3 Bb4 4.Bg2 O-O 5.Nf3 Nc6 6.O-O e4 7.Ng5 Bxc3 8.dxc3 
Re8 9.Nh3 h6 10.Nf4 d6 11.Nd5 Bf5 12.b3 Nh7 13.Be3 Ne5 14.Qd2 c6 15.Nb4 
Qe7 16.Rad1 Red8 17.Nc2 Nf6 18.Qc1 d5 19.cxd5 Nxd5 20.Bd2 Bg6 21.c4 Nc7 
22.Bc3 f6 23.Qe3 c5 24.h3 Nc6 25.a3 a5 26.Kh2 Rab8 27.Qf4 Ne6 28.Qg4 Qf7 
29.Qh4 Bh5 30.Ne3 Bxe2 31.Rxd8+ Rxd8 32.Re1 Bd3 33.Bxe4 Bxe4 34.Qxe4 Ned4 
35.Nf5 Nxf5 36.Qxf5 b6 37.Qe6 Qxe6 38.Rxe6 Rc8 39.f4 Kf7 40.f5 Rc7 41.g4 
a4 42.bxa4 Ne5 43.Bxe5 fxe5 44.a5 bxa5 45.Rxe5 a4 46.Kg3 Rb7 47.Kf4 Rb3 
48.Re3 Rb1 49.Ke4 Kf6 50.Rd3 Ke7 51.Rd5 Re1+ 52.Kf4 Rf1+ 53.Ke4 Re1+ 54.
Kf4 Rf1+ 55.Kg3 Ra1 56.Re5+ Kf6 57.Re6+ Kf7 58.Ra6 Rxa3+ 59.Kh4 Rc3 60.
Rxa4 Kf6 61.Ra6+ Kf7 62.Ra7+ Kf6 63.Ra4 Kf7 64.g5 hxg5+ 65.Kxg5 Rg3+ 66.
Kh4 Rc3 67.Kg4 Kf6 68.Ra6+ Kf7 69.Kg5 Rg3+ 70.Kh4 Rc3 71.Ra4 g6 72.fxg6+ 
Kxg6 73.Kg4 Rd3 74.Ra6+ Kf7 75.Kf5 Rxh3 76.Ra7+ Ke8 77.Ke6 Kd8 78.Kd6 Rh6+
79.Kxc5 Kc8 1/2-1/2

[Event "35th Capablanca Memorial"]
[Site "Varadero CUB"]
[Date "2000.05.21"]
[Round "12"]
[White "Slobodjan, Roman"]
[Black "Conquest, Stuart"]
[Result "1-0"]
[WhiteElo "2561"]
[BlackElo "2563"]
[EventDate "2000.05.07"]
[PlyCount "117"]

1.d4 f5 2.g3 Nf6 3.Bg2 g6 4.c4 Bg7 5.Nc3 O-O 6.e3 d6 7.Nge2 e5 8.b3 Nbd7 
9.Qc2 Re8 10.Bb2 a6 11.Nd5 Nxd5 12.Bxd5+ Kh8 13.Bg2 Nf6 14.Rd1 e4 15.Nf4 
b5 16.h4 bxc4 17.Qxc4 d5 18.Qc2 Bf8 19.Bf1 Bd6 20.Bc3 c6 21.Bd2 Bd7 22.Ne2
Qc7 23.Rc1 Kg7 24.Rg1 Rec8 25.Qb2 Be6 26.Nc3 Qe7 27.Na4 Ba3 28.Qc3 Nd7 29.
Rc2 a5 30.Qa1 Kf7 31.Be2 h6 32.Rh1 Rc7 33.Kf1 Kg8 34.Kg2 Rcc8 35.Qe1 Qd8 
36.Bc3 Bd6 37.Qd2 g5 38.hxg5 hxg5 39.Rh6 Qe7 40.Rc1 f4 41.Rch1 f3+ 42.Kg1 
Nf6 43.Bxf3 Bf5 44.Be2 Rf8 45.Bxa5 Kg7 46.Bb6 Nd7 47.Bc5 Nxc5 48.Nxc5 Rf6 
49.Rxf6 Qxf6 50.Na4 Rf8 51.Qe1 Qe7 52.Kg2 Rf7 53.Rh2 Qf8 54.Kg1 Bb4 55.Qc1
Rf6 56.Nc5 Bc8 57.a3 Ba5 58.Qd1 Bf5 59.Bg4 1-0

[Event "35th Capablanca Memorial"]
[Site "Varadero CUB"]
[Date "2000.05.22"]
[Round "13"]
[White "Acs, Peter"]
[Black "Oral, Tomas"]
[Result "0-1"]
[WhiteElo "2542"]
[BlackElo "2540"]
[EventDate "2000.05.07"]
[PlyCount "78"]

1.e4 c5 2.Nf3 e6 3.d4 cxd4 4.Nxd4 a6 5.Bd3 Bc5 6.Nb3 Ba7 7.Nc3 Nc6 8.Qe2 
Nge7 9.f4 d6 10.Be3 b5 11.O-O Ng6 12.Bxa7 Rxa7 13.Qe3 O-O 14.Rad1 Rd7 15.
Qg3 e5 16.f5 Nf4 17.Nd5 Nh5 18.Qe3 Ne7 19.c4 bxc4 20.Bxc4 Nxd5 21.Bxd5 Nf6
22.Rd2 Ng4 23.Qc3 Qb6+ 24.Kh1 Bb7 25.Bxb7 Qxb7 26.Qf3 Nf6 27.Re1 Rc8 28.g4
h6 29.h4 d5 30.exd5 Qb4 31.Rxe5 Rc4 32.Rg2 Rf4 33.Qe2 Nxg4 34.Re8+ Kh7 35.
Nc5 Qxc5 36.Rxg4 Qxd5+ 37.Kh2 Qxf5 38.Rxf4 Qxf4+ 39.Kh3 Rd2 0-1

[Event "35th Capablanca Memorial"]
[Site "Varadero CUB"]
[Date "2000.05.22"]
[Round "13"]
[White "Conquest, Stuart"]
[Black "Dominguez Perez, Leinier"]
[Result "0-1"]
[WhiteElo "2563"]
[BlackElo "2508"]
[EventDate "2000.05.07"]
[PlyCount "82"]

1.e4 c5 2.Nc3 d6 3.f4 g6 4.Nf3 Bg7 5.Bc4 e6 6.O-O Ne7 7.f5 gxf5 8.d3 Nbc6 
9.Bg5 h6 10.Bh4 f4 11.Qd2 Ne5 12.Qxf4 N7g6 13.Bb5+ Kf8 14.Qxe5 Nxh4 15.Qh5
Ng6 16.Bc4 Bf6 17.g3 a6 18.a4 b6 19.Rf2 Ra7 20.Raf1 Kg7 21.Kh1 Rd7 22.Ba2 
Bb7 23.Ne2 Bg5 24.Nf4 Bxf4 25.gxf4 Qf6 26.Nd2 Qh4 27.Qxh4 Nxh4 28.Rg1+ Kf8
29.h3 d5 30.e5 Ke7 31.Kh2 Rdd8 32.Rg4 Nf5 33.Nf1 d4 34.Rg1 Rhg8 35.Ng3 Nh4
36.Ne4 Rxg1 37.Kxg1 Rg8+ 38.Kf1 Nf5 39.a5 Bxe4 40.dxe4 Ng3+ 41.Ke1 Nxe4 
0-1

[Event "35th Capablanca Memorial"]
[Site "Varadero CUB"]
[Date "2000.05.22"]
[Round "13"]
[White "Nogueiras Santiago, Jesus"]
[Black "Stefansson, Hannes Hlifar"]
[Result "1/2-1/2"]
[WhiteElo "2563"]
[BlackElo "2566"]
[EventDate "2000.05.07"]
[PlyCount "21"]

1.d4 Nf6 2.Nf3 e6 3.c4 b6 4.g3 Bb7 5.Bg2 Be7 6.O-O O-O 7.Nc3 Ne4 8.Nxe4 
Bxe4 9.Ne1 Bxg2 10.Nxg2 d5 11.Qa4 1/2-1/2

[Event "35th Capablanca Memorial"]
[Site "Varadero CUB"]
[Date "2000.05.22"]
[Round "13"]
[White "Vera Gonzalez, Reynaldo"]
[Black "Kobalia, Mikhail"]
[Result "1/2-1/2"]
[WhiteElo "2546"]
[BlackElo "2593"]
[EventDate "2000.05.07"]
[PlyCount "42"]

1.d4 d5 2.c4 c6 3.Nc3 Nf6 4.cxd5 cxd5 5.Bf4 Nc6 6.e3 a6 7.Bd3 Bg4 8.Nge2 
e6 9.Rc1 Be7 10.O-O Rc8 11.f3 Bh5 12.Qb3 Nb4 13.Bb1 b5 14.a4 bxa4 15.Nxa4 
O-O 16.Rxc8 Qxc8 17.Rc1 Qd8 18.Nc5 Qb6 19.Na4 Qd8 20.Nc5 Qb6 21.Na4 Qd8 
1/2-1/2